000
00250nam a2200109Ia 4500
008
231129s9999||||xx |||||||||||||| ||spa||
082
_a
HAJ- 0277
245
0
_a
Superlativos mundiales
260
_c
197
264
_a
[sin editorial]
942
_2
ddc
_c
BKS
999
_c
24931
_d
24931